Responses for show #6286 - Monday, January 9, 2012

Dan McShane game 2.

Contestants

Julie Podlesni, a law clerk for a federal judge from Chattanooga, Tennessee

Sean Norris, a hockey arena announcer from Portland, Oregon

Dan McShane, a baseball game logger from West Islip, New York (whose 1-day cash winnings total $18,801)

Jeopardy! Round responses

BEATLEWOMANIA
THE FOOD CHAIN
LABOR DAY FOR HERCULES
A BUCKET LIST
POINT THE "FINGER"
SO VERY JANUARY 9
    $200 7
Yoko Ono

Dan
    $200 12
(Dan: What is Dairy Barn?)

7-Eleven

DanJulie
    $200 20
a lion

Julie
    $200 1
a fingerprint

Sean
    $200 6
(Julie: Who is Vlad the Impaler?)

Ivan the Terrible

Julie
Triple Stumper
    $400 8
Liverpool

Dan
    $400 13
Walmart

Julie
    $400 21
the stables

Dan
    $400 4
a finger bowl

Sean
    $400 3
the iPhone

Dan
    $600 9
Paul McCartney

Dan
    $600 14
Whole Foods

Julie
    $600 17
Cerberus

Julie
    $600 23
fingernails

Julie
    $600 27
[The end-of-round signal sounds.]

Iran

Julie
    $800 10
his mother

Julie
    $800 15
A&P (Atlantic & Pacific)

Triple Stumper
    $800 18
(the Golden) Apples (of the Hesperides)

Julie
    $800 5
(Chateau) Lafite

Julie
    $800 2
(Dan: What is a fingertip?)

a finger roll

DanSean
    $800 26
(Dan: What is South Carolina?)
(Julie: What is Alabama?)
...
(Alex: Jefferson Davis from [*].)

Mississippi

DanJulie
Triple Stumper
    $1000 11
(Sean: Who is Layla?)
(Julie: Who is Jane Asher?)

Pattie Boyd

SeanJulie
Triple Stumper
    $1000 16
Winn-Dixie

Sean
    $800 19
Diana

Julie
    $1000 22
(Sean: What are German, French, and Swiss?)

German, French & Italian

DanSean
    $1000 24
(Alex: That's right, with less than a minute to go now.)

the Finger Lakes

Dan
    $1000 25
Aswan

Julie

Scores at the first commercial break (after clue 15):

Dan Sean Julie
$600 $400 $1,600

Scores at the end of the Jeopardy! Round:

Dan Sean Julie
$2,200 $400 $5,400

Double Jeopardy! Round responses

THE SEA AROUND US
BROADCASTER NEWS
WEIRD WORDS
WHAT'S NEXT?
'ROUND MIDNIGHT
FELONIOUS MONKS
    $400 9
(Dan: What is the Gulf of Mexico?)

the Gulf Stream waters

DanSean
    $400 21
(Alex: Good, with less than a minute to go.)

14

Dan
    $400 7
Longfellow

Julie
    $400 2
France

Sean
    $800 17
a rip current

Dan
    $800 22
oxygen

Dan
    $800 8
"The Raven"

Julie
    $800 4
Martyrs

Dan
    $1200 18
the Mariana Trench

Dan
    $1200 26
[The end-of-round signal sounds.]

(Wolf) Blitzer

Dan
    $1200 1
crosswords

Julie
    $1200 10
(Dan: What is dessert?)

salad

Dan
Triple Stumper
    $1,200 15
(Dan: What is... Syria?)

India

Dan
    $1200 3
the Incan Empire

Dan
    $1600 19
(Dan: What is the Mediterranean?)
(Alex: Be more specific.)

the Aegean

Dan
    $1600 14
Keith Olbermann

Dan
    $1600 25
its rider

Julie
    $1600 11
North Carolina

Sean
    $1600 13
Midnight in the Garden of Good and Evil

Triple Stumper
    $1,200 5
Pol Pot

Dan
    $2000 20
salinity

Dan
    $2000 23
David Brinkley

Julie
    $2000 24
a sword

Julie
    $2000 12
Cenozoic

Triple Stumper
    $2000 16
Midnight Cowboy

Dan
    $2000 6
(Sean: Who is... [sighs])

Torquemada

DanSean

Scores at the end of the Double Jeopardy! Round:

Dan Sean Julie
$16,200 $800 $13,400

[wagering suggestions for these scores]

Final Jeopardy! Round responses

RECENT FILMS
SeanWhat is Thor
$44
JulieWhat is Hamlet?
$11,798
DanWhat is The Girl With the Dra
$10,601
Thor

Final scores:

Dan Sean Julie
$5,599 $844 $1,602
2-day champion: $24,400 3rd place: $1,000 2nd place: $2,000

Game dynamics:

Coryat scores:

Dan Sean Julie
$17,800 $800 $13,600
20 R
(including 1 DD),
6 W
(including 1 DD)
7 R,
3 W
18 R
(including 1 DD),
3 W

Combined Coryat: $32,200

The J! Archive is created by fans, for fans. The Jeopardy! game show and all elements thereof, including but not limited to copyright and trademark thereto, are the property of Jeopardy Productions, Inc. and are protected under law. This website is not affiliated with, sponsored by, or operated by Jeopardy Productions, Inc. Join the discussion at JBoard.tv.